000 01021nam0a22002411i 4500
001 rc\806782
005 20240726000941.0
035 _a(NLR Aleph) 005990639
090 _a7124060
_c7124060
100 _a20041129d1984 u |0rusy50 ca
101 0 _arus
102 _aRU
105 _aa |||||||||
200 1 _aВыявление и реализация резервов экономии металла в строительстве методами банковского контроля
_e(На опыте работы Стройбанка СССР)
_eАвтореф. дис. на соиск. учен. степ. канд. экон. наук
_e(08.00.05)
210 _aМ.
_d1984
215 _a20 с.
_cграф.
300 _aВ надзаг.: НИИ экономики стр-ва
320 _aБиблиогр.: с. 20 (8 назв.)
700 1 _aЛукашевский
_bВ.М.
_gВалерий Михайлович
801 0 _aRU
_bNLR
_gpsbo
801 1 _aRU
_bELAR
_2rusmarc
852 _aNLR
_j85-4/6591
942 _cBOOK